书目信息 |
| 题名: |
舞中之王:现代探戈舞
|
|
| 作者: | 寒夫朝晖 编 | |
| 分册: | ||
| 出版信息: | 长沙 湖南文艺出版社 1994.09 |
|
| 页数: | 159页 | |
| 开本: | 16开 | |
| 丛书名: | ||
| 单 册: | ||
| 中图分类: | J732.8 | |
| 科图分类: | ||
| 主题词: | 舞蹈艺术--世界 , 舞蹈艺术--各国 , 舞剧--艺术--世界 , 舞剧--各国--艺术 | |
| 电子资源: | ||
| ISBN: | 7-5404-1272-0 | |
| 000 | 00670nam0 2200229 45 | |
| 001 | 0104171167 | |
| 005 | 20010417111837.3 | |
| 010 | @a7-5404-1272-0@d5.90元 | |
| 100 | @a20010417d1994 km y0chiy0120 ea | |
| 101 | 0 | @achi |
| 105 | @a z 000yy | |
| 200 | 1 | @a舞中之王:现代探戈舞@AWu Zhong Zhi Wang:Xian Dai Tan Ge Wu@f寒夫朝晖编@FHan Fu Zhao Hui Bian |
| 210 | @a长沙@c湖南文艺出版社@d1994.09 | |
| 215 | @a159页@d16开 | |
| 606 | 0 | @a舞蹈艺术@x世界 |
| 606 | 0 | @a舞蹈艺术@y各国 |
| 606 | 0 | @a舞剧@x艺术@x世界 |
| 606 | 0 | @a舞剧@y各国@x艺术 |
| 690 | @aJ732.8@v3 | |
| 701 | 0 | @a寒夫朝晖@4编 |
| 801 | @aCN@bPftUser@c20010417 | |
| 905 | @a?b339156-159@dJ732.8@eH.578@f4 | |
| 舞中之王:现代探戈舞/寒夫朝晖编.-长沙:湖南文艺出版社,1994.09 |
| 159页;16开 |
| ISBN 7-5404-1272-0:5.90元 |
| ● |
| 相关链接 |
|
|
|
正题名:舞中之王:现代探戈舞
索取号:J732.8/H.578
 
预约/预借
| 序号 | 登录号 | 条形码 | 馆藏地/架位号 | 状态 | 备注 |
| 1 | 339156 | 203391560 | 社科库309/309社科库 95排2列1层/ [索取号:J732.8/H.578] | 在馆 | |
| 2 | 339157 | 203391579 | 社科库309/309社科库 95排2列1层/ [索取号:J732.8/H.578] | 在馆 | |
| 3 | 339158 | 203391588 | 社科库309/309社科库 95排2列1层/ [索取号:J732.8/H.578] | 在馆 | |
| 4 | 339159 | 203391597 | 社科库309/309社科库 95排2列1层/ [索取号:J732.8/H.578] | 在馆 |